Toutes les communes du Puy-de-Dôme sur une carte - Statistiques

Statistiques générales
  • Ce quiz a été pris 1 886 fois
    1 113 depuis la dernière actualisation
  • Le résultat moyen est 98 sur 463
Réponses sur la Carte
Les réponses sont colorées sur une échelle allant du rouge au vert en fonction du pourcentage des utilisateurs qui les ont devinées à leur premier essai. Vous pouvez retrouver ces pourcentages ci-dessous.
 
Statistiques - réponses
Initiale Réponse Population (2021) % Correct
C Clermont-Ferrand 147 327
98%
R Riom 18 736
88%
I Issoire 15 014
83%
T Thiers 11 633
80%
C Cournon-d'Auvergne 20 193
77%
A Ambert 6 616
74%
P Pont-du-Château 12 459
73%
C Chamalières 17 454
72%
A Aubière 10 211
71%
G Gerzat 10 258
68%
B Beaumont 10 650
63%
B Beaumont-lès-Randan 319
63%
R Royat 4 403
61%
V Volvic 4 740
59%
L Lempdes 8 663
58%
B Besse-et-Saint-Anastaise 1 461
57%
O Orcines 3 566
57%
V Vic-le-Comte 5 242
57%
(La) R La Roche-Blanche 3 436
55%
(La) R La Roche-Noire 623
55%
B Billom 4 808
54%
C Châtel-Guyon 6 294
54%
C Cébazat 8 946
53%
(La) B La Bourboule 1 752
53%
M Mur-sur-Allier 3 208
53%
A Aulnat 4 115
52%
C Ceyrat 6 373
52%
R Romagnat 7 869
52%
M Mont-Dore 1 237
51%
(Les) M Les Martres-d'Artière 2 212
49%
(Les) M Les Martres-de-Veyre 3 863
49%
D Durtol 2 015
46%
Sᵗ Saint-Nectaire 769
46%
C Château-sur-Cher 67
45%
(Le) C Le Cendre 5 494
45%
L Lezoux 6 357
45%
A Aydat 2 524
44%
P Pérignat-lès-Sarliève 2 801
44%
P Pérignat-sur-Allier 1 498
44%
Sᵗ Saint-Ours 1 660
43%
B Blanzat 3 762
42%
Sᵗ Saint-Genès-Champanelle 3 883
42%
Sᵗ Saint-Genès-Champespe 211
42%
Sᵗ Saint-Genès-du-Retz 462
42%
Sᵗ Saint-Genès-la-Tourette 182
42%
A Aigueperse 2 736
41%
E Ennezat 2 549
41%
Sᵗ Saint-Jean-des-Ollières 416
41%
Sᵗ Saint-Jean-d'Heurs 687
41%
Sᵗ Saint-Jean-en-Val 349
41%
Sᵗ Saint-Jean-Saint-Gervais 126
41%
P Puy-Guillaume 2 690
40%
P Puy-Saint-Gulmier 142
40%
R Roche-Charles-la-Mayrand 42
40%
R Roche-d'Agoux 112
40%
Sᵗ Saint-Bonnet-le-Bourg 175
40%
Sᵗ Saint-Bonnet-le-Chastel 200
40%
Sᵗ Saint-Bonnet-lès-Allier 424
40%
Sᵗ Saint-Bonnet-près-Orcival 541
40%
Sᵗ Saint-Bonnet-près-Riom 2 072
40%
Sᵗ Saint-Pierre-Colamine 248
40%
Sᵗ Saint-Pierre-la-Bourlhonne 134
40%
Sᵗ Saint-Pierre-le-Chastel 447
40%
Sᵗ Saint-Pierre-Roche 501
40%
V Vertaizon 3 358
40%
Sᵗ Saint-Amant-Roche-Savine 522
39%
Sᵗ Saint-Amant-Tallende 1 757
39%
Sᵗ Saint-Germain-Lembron 2 008
39%
Sᵗ Saint-Germain-l'Herm 487
39%
Sᵗ Saint-Germain-près-Herment 64
39%
V Veyre-Monton 3 675
39%
Sᵗ Saint-Julien-de-Coppel 1 315
38%
Sᵗ Saint-Julien-la-Geneste 120
38%
Sᵗ Saint-Julien-Puy-Lavèze 365
38%
C Combronde 2 148
37%
C Coudes 1 257
37%
(La) T La Tour-d'Auvergne 626
37%
C Chambon-sur-Dolore 143
36%
C Chambon-sur-Lac 413
36%
C Champeix 1 416
36%
O Orcet 2 837
36%
Sᵗ Saint-Éloy-la-Glacière 64
36%
Sᵗ Saint-Éloy-les-Mines 3 486
36%
Sᵗ Saint-Rémy-de-Blot 244
36%
Sᵗ Saint-Rémy-de-Chargnat 612
36%
Sᵗ Saint-Rémy-sur-Durolle 1 749
36%
C Courpière 4 053
35%
M Murol 640
35%
(Les) A Les Ancizes-Comps 1 699
34%
M Maringues 3 127
34%
O Orcival 245
34%
R Randan 1 620
34%
B Brassac-les-Mines 3 376
33%
C Chas 374
33%
M Mozac 3 863
33%
P Plauzat 1 719
33%
C Châteaugay 3 096
32%
M Manzat 1 408
32%
N Nohanent 2 249
32%
P Pontgibaud 731
32%
Sᵗ Saint-Beauzire 2 209
32%
Sᵗ Saint-Georges-de-Mons 1 959
32%
Sᵗ Saint-Georges-sur-Allier 1 309
32%
R Rochefort-Montagne 848
31%
J Joze 1 158
30%
M Montpeyroux 321
30%
M Murat-le-Quaire 487
30%
S Sauxillanges 1 315
30%
A Ardes 605
29%
C Chappes 1 617
29%
N Nébouzat 861
29%
C Charbonnier-les-Mines 919
28%
É Égliseneuve-d'Entraigues 333
28%
É Égliseneuve-des-Liards 154
28%
É Égliseneuve-près-Billom 851
28%
P Parent 899
28%
P Pontaumur 649
28%
C Ceyssat 692
27%
C Cunlhat 1 307
27%
E Enval 1 569
27%
(Le) B Le Broc 647
27%
M Malintrat 1 138
27%
Sᵗ Saint-Dier-d'Auvergne 546
27%
Sᵗ Saint-Saturnin 1 164
27%
B Beauregard-l'Évêque 1 577
26%
B Beauregard-Vendon 1 298
26%
M Ménétrol 1 642
26%
Sᵗ Saint-Babel 933
26%
Sᵗ Saint-Gervais-d'Auvergne 1 231
26%
Sᵗ Saint-Gervais-sous-Meymont 216
26%
Sᵗ Saint-Laure 672
26%
S Sayat 2 491
26%
A Arlanc 1 792
25%
C Chanonat 1 709
25%
C Chauriat 1 740
25%
(La) C La Celle 79
25%
M Martres-sur-Morge 699
25%
M Mirefleurs 2 354
25%
P Perrier 901
25%
T Tallende 1 510
25%
L Laqueuille 357
24%
M Malauzat 1 160
24%
M Marsat 1 479
24%
A Authezat 671
23%
B Bourg-Lastic 870
23%
C Chanat-la-Mouteyre 939
23%
C Culhat 1 145
23%
(La) S La Sauvetat 716
23%
(Le) C Le Crest 1 290
23%
(Le) V Le Vernet-Chaméane 786
23%
(Le) V Le Vernet-Sainte-Marguerite 320
23%
M Montaigut-en-Combraille 981
23%
M Montaigut-le-Blanc 907
23%
Sᵗ Saint-Martin-des-Olmes 304
23%
Sᵗ Saint-Martin-des-Plains 174
23%
Sᵗ Saint-Martin-d'Ollières 146
23%
Sᵗ Saint-Maurice 976
23%
Sᵗ Saint-Maurice-près-Pionsat 368
23%
Sᵗ Saint-Yvoine 572
23%
(La) G La Godivelle 16
22%
(Le) C Le Cheix 685
22%
P Pionsat 1 050
22%
Sᵗ Saint-Hilaire 148
22%
Sᵗ Saint-Hilaire-la-Croix 368
22%
Sᵗ Saint-Hilaire-les-Monges 86
22%
Sᵗ Saint-Jacques-d'Ambur 286
22%
V Varennes-sur-Morge 430
22%
V Varennes-sur-Usson 308
22%
O Olby 859
21%
Sᵗ Saint-Priest-Bramefant 868
21%
Sᵗ Saint-Priest-des-Champs 715
21%
C Charbonnières-les-Varennes 1 874
20%
C Charbonnières-les-Vieilles 1 153
20%
C Combrailles 216
20%
J Job 1 003
20%
(La) C La Chapelle-Agnon 342
20%
(La) C La Chapelle-Marcousse 67
20%
(La) C La Chapelle-sur-Usson 86
20%
(La) M La Monnerie-le-Montel 1 639
20%
P Parentignat 485
20%
P Peschadoires 2 099
20%
Sᵗ Saint-Étienne-des-Champs 127
20%
Sᵗ Saint-Étienne-sur-Usson 255
20%
Sᵗ Saint-Victor-la-Rivière 245
20%
Sᵗ Saint-Victor-Montvianeix 259
20%
U Usson 309
20%
A Aubiat 987
19%
O Orléat 2 234
19%
T Tauves 715
19%
C Chapdes-Beaufort 1 137
18%
C Chastreix 231
18%
C Condat-en-Combraille 411
18%
C Condat-lès-Montboissier 229
18%
C Corent 764
18%
G Gelles 936
18%
G Giat 793
18%
L Loubeyrat 1 424
18%
L Lussat 939
18%
M Menat 540
18%
O Olliergues 743
18%
R Ravel 794
18%
Sᵗ Saint-Sauves-d'Auvergne 1 128
18%
Sᵗ Saint-Vincent 416
18%
S Saulzet-le-Froid 288
18%
T Thuret 923
18%
V Villeneuve 142
18%
V Villeneuve-les-Cerfs 514
18%
A Artonne 935
17%
A Auzat-la-Combelle 1 967
17%
B Bromont-Lamothe 1 000
17%
C Celles-sur-Durolle 1 643
17%
C Chabreloche 1 177
17%
E Effiat 1 130
17%
J Jumeaux 564
17%
(Le) B Le Breuil-sur-Couze 1 046
17%
M Marsac-en-Livradois 1 412
17%
O Orbeil 870
17%
S Sauvagnat 143
17%
S Sauvagnat-Sainte-Marthe 468
17%
A Anzat-le-Luguet 173
16%
B Bort-l'Étang 712
16%
B Bouzel 721
16%
C Champs 402
16%
C Châteldon 764
16%
D Davayat 626
16%
E Entraigues 714
16%
(Les) D Les Deux-Rives 842
16%
M Moissat 1 264
16%
N Neschers 873
16%
P Picherande 315
16%
P Pulvérières 399
16%
Sᵗ Saint-André-le-Coq 536
16%
Sᵗ Saint-Anthème 707
16%
Sᵗ Saint-Clément-de-Régnat 527
16%
Sᵗ Saint-Clément-de-Valorgue 235
16%
Sᵗ Saint-Denis-Combarnazat 241
16%
V Vernines 420
16%
V Vollore-Montagne 308
16%
V Vollore-Ville 710
16%
Y Yronde-et-Buron 646
16%
A Aubusson-d'Auvergne 221
15%
B Blot-l'Église 445
15%
C Compains 126
15%
H Herment 250
15%
L Lastic 100
15%
P Perpezat 425
15%
Q Queuille 285
15%
Sᵗ Saint-Alyre-d'Arlanc 137
15%
Sᵗ Saint-Alyre-ès-Montagne 104
15%
Sᵗ Saint-Pardoux 417
15%
S Sugères 617
15%
A Aulhat-Flat 932
14%
A Aurières 372
14%
B Boudes 272
14%
B Busséol 222
14%
C Châteauneuf-les-Bains 320
14%
C Cournols 232
14%
C Crevant-Laveine 960
14%
D Dorat 729
14%
F Fournols 314
14%
L Lapeyrouse 517
14%
L Laps 590
14%
L Luzillat 1 154
14%
M Mazaye 702
14%
M Montel-de-Gelat 417
14%
M Montmorin 728
14%
N Nonette-Orsonnette 605
14%
O Olloix 318
14%
R Ris 729
14%
Sᵗ Saint-Just 149
14%
Sᵗ Saint-Romain 200
14%
Sᵗ Saint-Sandoux 988
14%
S Surat 601
14%
V Vodable 190
14%
Y Youx 877
14%
B Bussières 102
13%
B Bussières-et-Pruns 492
13%
C Cisternes-la-Forêt 457
13%
D Dore-l'Église 659
13%
E Escoutoux 1 341
13%
L Lachaux 277
13%
L Limons 738
13%
M Messeix 1 020
13%
M Mons 557
13%
Sᵗ Saint-Ignat 920
13%
Sᵗ Saint-Quentin-sur-Sauxillanges 110
13%
Sᵗ Saint-Sylvestre-Pragoulin 1 067
13%
B Bagnols 402
12%
B Brenat 629
12%
C Chavaroux 523
12%
E Espinasse 282
12%
F Fayet-le-Château 378
12%
F Fayet-Ronaye 107
12%
I Isserteaux 417
12%
N Néronde-sur-Dore 498
12%
P Pardines 297
12%
P Paslières 1 483
12%
P Pessat-Villeneuve 731
12%
R Reignat 377
12%
V Vertolaye 539
12%
Y Yssac-la-Tourette 397
12%
A Apchat 159
11%
A Arconsat 580
11%
A Augerolles 872
11%
B Bas-et-Lezat 344
11%
C Clerlande 629
11%
J Jozerand 556
11%
L Lamontgie 644
11%
M Manglieu 470
11%
M Marat 810
11%
M Montfermy 228
11%
P Pignols 343
11%
Sᵗ Saint-Diéry 536
11%
Ste Sainte-Agathe 170
11%
Sᵗ Saint-Flour-l'Étang 275
11%
Sᵗ Saint-Myon 538
11%
S Sallèdes 575
11%
S Sardon 298
11%
S Sermentizon 572
11%
S Servant 558
11%
S Seychalles 789
11%
S Solignat 516
11%
A Antoingt 419
10%
A Ayat-sur-Sioule 136
10%
B Bertignat 458
10%
C Chambaron-sur-Morge 1 792
10%
D Dauzat-sur-Vodable 67
10%
E Espirat 427
10%
(La) G La Goutelle 619
10%
L Lempty 405
10%
(Le) Q Le Quartier 215
10%
L Ludesse 502
10%
P Palladuc 522
10%
Sᵗ Saint-Gal-sur-Sioule 147
10%
Sᵗ Saint-Sulpice 84
10%
T Teilhède 501
10%
A Aix-la-Fayette 97
9%
A Ars-les-Favets 220
9%
A Auzelles 385
9%
B Baffie 111
9%
B Biollet 319
9%
B Bongheat 440
9%
B Briffons 264
9%
B Bulhon 569
9%
C Chadeleuf 430
9%
C Chaptuzat 500
9%
C Charensat 476
9%
D Domaize 379
9%
É Échandelys 249
9%
E Espinchal 84
9%
L Landogne 223
9%
(La) R La Renaudie 129
9%
(Les) P Les Pradeaux 352
9%
M Marcillat 325
9%
M Mauzun 124
9%
M Mazoires 95
9%
M Miremont 291
9%
M Montpensier 466
9%
N Neuf-Église 309
9%
N Noalhat 233
9%
P Pouzol 267
9%
P Prompsat 464
9%
R Rentières 101
9%
Sᵗ Saint-Angel 470
9%
Ste Sainte-Catherine 53
9%
Sᵗ Saint-Ferréol-des-Côtes 548
9%
Sᵗ Saint-Floret 246
9%
Sᵗ Saint-Quintin-sur-Sioule 386
9%
S Saurier 258
9%
T Tours-sur-Meymont 530
9%
T Trézioux 496
9%
V Vassel 297
9%
V Vensat 530
9%
V Villossanges 370
9%
V Voingt 48
9%
A Avèze 167
8%
B Beurières 297
8%
B Brousse 344
8%
C Charnat 203
8%
D Durmignat 214
8%
E Estandeuil 498
8%
G Gimeaux 393
8%
H Heume-l'Église 111
8%
(La) F La Forie 317
8%
L Larodde 286
8%
(Le) B Le Brugeron 243
8%
Sᵗ Saint-Donat 199
8%
Sᵗ Saint-Sauveur-la-Sagne 84
8%
T Ternant-les-Eaux 39
8%
V Valbeleix 138
8%
V Valcivières 222
8%
V Viverols 430
8%
B Bansat 262
7%
B Beaulieu 476
7%
B Buxières-sous-Montaigut 237
7%
C Ceilloux 173
7%
C Chalus 179
7%
C Champagnat-le-Jeune 150
7%
C Champétières 279
7%
C Chassagne 80
7%
C Clémensat 121
7%
C Courgoul 61
7%
C Cros 167
7%
D Doranges 173
7%
É Églisolles 290
7%
G Glaine-Montaigut 593
7%
G Gouttières 323
7%
G Grandeyrolles 53
7%
G Grandrif 202
7%
(La) C La Crouzille 259
7%
(Le) M Le Monestier 237
7%
L Lisseuil 114
7%
M Madriat 126
7%
M Moriat 387
7%
M Moureuille 380
7%
O Olmet 168
7%
P Prondines 269
7%
Sᵗ Saint-Agoulin 320
7%
Sᵗ Saint-Avit 209
7%
Ste Sainte-Christine 125
7%
Sᵗ Saint-Gervazy 337
7%
Sᵗ Saint-Maigner 180
7%
S Sauret-Besserve 166
7%
S Sauviat 575
7%
T Teilhet 281
7%
T Tortebesse 78
7%
T Tourzel-Ronzières 199
7%
T Tralaigues 75
7%
V Vichel 336
7%
V Viscomtat 505
7%
V Vitrac 341
7%
A Augnat 195
6%
B Bergonne 317
6%
C Chaumont-le-Bourg 228
6%
C Collanges 157
6%
F Fernoël 135
6%
G Gignat 252
6%
L Labessette 69
6%
(La) C La Cellette 164
6%
M Meilhaud 483
6%
N Novacelles 151
6%
P Peslières 58
6%
S Sauvessanges 531
6%
T Trémouille-Saint-Loup 148
6%
V Verrières 72
6%
V Vinzelles 365
6%
V Virlet 268
6%
E Esteil 56
5%
G Grandval 119
5%
(La) C La Chaulme 113
5%
M Mareugheol 222
5%
M Mayres 197
5%
M Medeyrolles 119
5%
M Montcel 551
5%
N Neuville 376
5%
S Saillant 305
5%
Sᵗ Saint-Hérent 113
5%
S Savennes 94
5%
S Singles 156
5%
T Thiolières 161
5%
V Valz-sous-Châteauneuf 52
5%
V Verneugheol 230
5%
V Vergheas 66
4%
Aucun quiz correspondant
Distribution des résultats
% des personnes avec chaque résultat
Percentile par nombre de réponses
Votre historique - résultats
Vous n’avez pas pris ce quiz depuis la dernière actualisation